Kenedy's quest for victory : American foreign policy 1961-1963

שמור ב:
מידע ביבליוגרפי
מחבר ראשי: Paterson, Thomas G.
פורמט: ספר
שפה:Undetermined
יצא לאור: New York Oxford University Press 1989
תגים: הוספת תג
אין תגיות, היה/י הראשונ/ה לתייג את הרשומה!
Thư viện lưu trữ: Trung tâm Học liệu Trường Đại học Cần Thơ
LEADER 00504nam a2200181Ia 4500
001 CTU_86910
008 210402s9999 xx 000 0 und d
082 |a 973.922 
082 |b P297 
100 |a Paterson, Thomas G. 
245 0 |a Kenedy's quest for victory : 
245 0 |b American foreign policy 1961-1963 
245 0 |c Thomas G. paterson 
260 |a New York 
260 |b Oxford University Press 
260 |c 1989 
904 |i Trúc 
980 |a Trung tâm Học liệu Trường Đại học Cần Thơ